Reply to "credible research designs for minimum wage studies" (Registro nro. 49999)
[ vista simple ]
| 000 -CABECERA | |
|---|---|
| Longitud fija campo de control | 01099naa a2200289 c 4500 |
| 001 - NÚMERO DE CONTROL | |
| Número de control | 49999 |
| 003 - IDENTIFICADOR DE NÚMERO DE CONTROL | |
| Identificador del número de control | ES-MaCES |
| 005 - FECHA Y HORA DE LA ÚLTIMA TRANSACCIÓN | |
| Fecha y hora de la última transacción | 20171003125259.0 |
| 008 - CAMPO FIJO DE DESCRIPCIÓN FIJA--INFORMACIÓN GENERAL | |
| Códigos de información de longitud fija | 171003s2017 us ||||| t||||||| ||eng d |
| 040 ## - FUENTE DE CATALOGACIÓN | |
| Centro catalogador de origen | ES-MaCES |
| Lengua de catalogación | spa |
| Centro transcriptor | ES-MaCES |
| Centro modificado | ES-MaCES |
| 100 1# - ENCABEZAMIENTO PRINCIPAL--NOMBRE PERSONAL | |
| 9 (RLIN) | 19582 |
| Nombre de persona | Neumark, David |
| 245 10 - MENCIÓN DE TÍTULO | |
| Título | Reply to "credible research designs for minimum wage studies" |
| Mención de responsabilidad, etc. | David Neumark, William Wascher |
| 500 ## - NOTA GENERAL | |
| Nota general | Resumen |
| 504 ## - NOTA DE BIBLIOGRAFÍA, ETC. | |
| Nota de bibliografía, etc. | Bibliografía: p. 607-609 |
| 650 #4 - ASIENTO SECUNDARIO DE MATERIA--TÉRMINO DE MATERIA | |
| 9 (RLIN) | 28382 |
| Término de materia o nombre geográfico como elemento inicial | salario mínimo |
| 650 #4 - ASIENTO SECUNDARIO DE MATERIA--TÉRMINO DE MATERIA | |
| 9 (RLIN) | 29048 |
| Término de materia o nombre geográfico como elemento inicial | bajos ingresos |
| 650 #4 - ASIENTO SECUNDARIO DE MATERIA--TÉRMINO DE MATERIA | |
| 9 (RLIN) | 28391 |
| Término de materia o nombre geográfico como elemento inicial | política salarial |
| 650 #4 - ASIENTO SECUNDARIO DE MATERIA--TÉRMINO DE MATERIA | |
| 9 (RLIN) | 28388 |
| Término de materia o nombre geográfico como elemento inicial | determinación del salario |
| 650 #4 - ASIENTO SECUNDARIO DE MATERIA--TÉRMINO DE MATERIA | |
| 9 (RLIN) | 28415 |
| Término de materia o nombre geográfico como elemento inicial | joven trabajador |
| 650 #4 - ASIENTO SECUNDARIO DE MATERIA--TÉRMINO DE MATERIA | |
| 9 (RLIN) | 28889 |
| Término de materia o nombre geográfico como elemento inicial | análisis estadístico |
| 650 #4 - ASIENTO SECUNDARIO DE MATERIA--TÉRMINO DE MATERIA | |
| 9 (RLIN) | 28373 |
| Término de materia o nombre geográfico como elemento inicial | Estados Unidos |
| 653 10 - TÉRMINO DE INDEXACIÓN--NO CONTROLADO | |
| Término no controlado | Relaciones laborales-Empleo |
| 700 ## - ENCABEZAMIENTO SECUNDARIO--NOMBRE PERSONAL | |
| 9 (RLIN) | 38594 |
| Nombre de persona | Wascher, William |
| 773 0# - ENTRADA DE DOCUMENTO FUENTE | |
| Itemnumber del ítem fuente | 86262 |
| Lugar, editor y fecha de publicación | New York (Ithaca, 14853-3901) Cornell University |
| Otro identificador del documento | 089159 |
| Título | Industrial and labor relations review |
| Número de control del registro relacionado | (ES-MaCES)25696 |
| Parte(s) relacionada(s) | vol. 70, no. 3 (May 2017) {10695 R. 089159} ;p. 593-609 |
| 902 ## - CES. TIPO DE DOCUMENTO | |
| Tipodoc (006$c Sirtex) | ART Artículo de revista |
| 942 ## - ELEMENTOS KOHA | |
| Fuente de clasificaión o esquema | Clasificación propia del CES |
| Koha [por defecto] tipo de item | Artículos (1982-2017) |
| Parte de clasificación | Relaciones Laborales y Rel. Lab.- Empleo |
No hay ítems disponibles.
